000
00210 a2200097 4500
001
53346
100
_a
Watrowski
245
_a
Logic circiutis & micro
260
_a
N.Y
_b
Mc Graw Hill
_c
090
_c
33594
_d
33594
942
_a
NUST-CAE
_c
M
_c
26218
999
_c
288419
_d
288419